000 00473nam a22001697a 4500
003 OSt
005 20220114161228.0
008 220114b |||||||| |||| 00| 0 eng d
020 _a0-471-14964-0
040 _aDDC
_cHU
082 _21ST
_a616.858
_b2
100 _aRENATO D.ALARCON
_928092
245 _aPERSONALITY DISORDERS AND CULTURE ,CLINICAL AND CONCEPTUAL INTERACTIONS
250 _a1ST
260 _aNEW YORK
_bJOHN WILEY AND SONS,INC
_c1998
942 _2ddc
_cBOOKS
_n0
999 _c27173
_d27173